000 00521nam a22001937a 4500
003 KOHA_MİRAKIL
005 20240930101031.0
008 240929b2021 tu ||||| |||| 00| 0 tur d
020 _a9786257940405
040 _aTR-AnABB
_btur
_cTR-AnABB
041 _atur
082 _a813.42
_bATM 2021
100 _aAtmaca, Ceren.
245 0 _aSen yoksun ben varım /
_cCeren Atmaca.
260 _aİstanbul :
_bÇınar Matbaa,
_c2021.
300 _a69 sayfa ;
_c21 cm.
650 _aTürk edebiyatı, roman
942 _2ddc
_cBK
999 _c2869
_d2869